| 000 | 00537nam a2200181Ia 4500 | ||
|---|---|---|---|
| 008 | 140529s9999 xx 000 0 und d | ||
| 020 | _a9789810696382 | ||
| 050 |
_aHG 4011 _b.G5 2009 |
||
| 100 | _aGitman, Lawrence J. | ||
| 245 |
_aPrinciples of managerial finance / _cLawrence J. Gitman, Chad J. Zutter |
||
| 250 | _a13th ed. | ||
| 260 |
_aBoston : _bPearson Prentice Hall, _cc2012. |
||
| 300 |
_a796 p. ; _c26 cm. |
||
| 500 | _aIncludes appendices, glossary and index. | ||
| 521 | _aBSBA | ||
| 942 |
_kFOR _cBK |
||
| 999 |
_c117557 _d117557 |
||